Desarrollo sustentable (Registro nro. 6631)

Detalles MARC
000 -LEADER
fixed length control field 01443 a2200241 4500
001 - CONTROL NUMBER
control field 59274
005 - DATE AND TIME OF LATEST TRANSACTION
control field 20260407155846.0
008 - FIXED-LENGTH DATA ELEMENTS--GENERAL INFORMATION
fixed length control field 260407a2018 arg spa d
003 - CONTROL NUMBER IDENTIFIER
control field AR-UNSa-BCEJYS
040 ## - CATALOGING SOURCE
Original cataloging agency AR-UNSa-BCEJYS
Language of cataloging spa
Transcribing agency AR-UNSa-BCEJYS
080 ## - UNIVERSAL DECIMAL CLASSIFICATION NUMBER
Universal Decimal Classification number 658.11:504
Common auxiliary subdivision Empresas sustentables
020 ## - INTERNATIONAL STANDARD BOOK NUMBER
International Standard Book Number 978-607-622-971-2
041 ## - LANGUAGE CODE
Language code of text/sound track or separate title spa
100 1# - MAIN ENTRY--PERSONAL NAME
Personal name Escobedo Guerrero, Gabriela Guadalupe
245 10 - TITLE STATEMENT
Title Desarrollo sustentable
Name of part/section of a work estrategia en las empresas para un futuro mejor
264 #1 - PRODUCTION, PUBLICATION, DISTRIBUTION, MANUFACTURE, AND COPYRIGHT NOTICE
Place of production, publication, distribution, manufacture México :
Name of producer, publisher, distributor, manufacturer Alfaomega Grupo Editor
Date of production, publication, distribution, manufacture, or copyright notice 2018
300 ## - PHYSICAL DESCRIPTION
Extent xv, 381 p.
Dimensions 23 cm.
505 ## - FORMATTED CONTENTS NOTE
Formatted contents note 1. Concepto y antecedentes del desarrollo sustentable - 2. La igualdad económica mediante la sustentabilidad y la sostenibilidad - 3. Modelos de empresas sustentables y el mercado verde - 4. Uso y manejo de los recursos hídricos - 5. Energía eléctrica y los recursos para producirla como herramienta del desarrollo sustentable - 6. Uso y manejo de residuos sólidos - 7. Autotransporte sustentable en las empresas, mecanismo para mitigar el cambio climático - 8. Mercadotecnia y sustentabilidad - 9. La innovación financiera como estrategia para la realización de proyectos verdes - 10. Responsabilidad social empresarial
590 ## - LOCAL NOTE (RLIN)
Local note niveau_biblio:m niveau_hierar:0
700 1# - ADDED ENTRY--PERSONAL NAME
Personal name Andrade Vallejo, María Antonieta
856 41 - ELECTRONIC LOCATION AND ACCESS
Uniform Resource Identifier <a href="https://www.biblioeco.unsa.edu.ar/pmb/images/libros/L129030.jpg">https://www.biblioeco.unsa.edu.ar/pmb/images/libros/L129030.jpg</a>
Link text Imagen de portada
Electronic format type image/jpeg
942 ## - ADDED ENTRY ELEMENTS (KOHA)
Koha item type
Existencias
Withdrawn status Lost status Damaged status Not for loan Home library Current library Shelving location Date acquired Total checkouts Full call number Barcode Date last seen Price effective from Koha item type Public note
        Biblioteca Prof. Eusebio Cleto del Rey Biblioteca Prof. Eusebio Cleto del Rey   07/04/2026   658.11:504 E74 L129030 07/04/2026 07/04/2026 Libro  
        Biblioteca Prof. Eusebio Cleto del Rey Biblioteca Prof. Eusebio Cleto del Rey   07/04/2026   658.11:504 E74 L129031 07/04/2026 07/04/2026 Libro  
        Biblioteca Prof. Eusebio Cleto del Rey Biblioteca Prof. Eusebio Cleto del Rey   07/04/2026   658.11:504 E74 L129108 07/04/2026 07/04/2026 Libro PRIMERAS HOJAS DOBLADAS CANTO INFERIOR